Every Australian ODI Player - Statistics

General Stats
  • This quiz has been taken 66 times
  • The average score is 92 of 234
Answer Stats
Cap No. Player % Correct
110 Shane Warne
97%
75 | 182 Steve Smith
94%
170 David Warner
88%
185 Mitchell Starc
88%
123 Ricky Ponting
88%
129 Adam Gilchrist
85%
90 Steve Waugh
85%
105 Mark Waugh
82%
156 Mitchell Johnson
79%
190 Mitchell Marsh
79%
153 Stuart Clark
79%
40 Wayne Clark
79%
140 Brett Lee
76%
91 Geoff Marsh
76%
194 Nathan Lyon
76%
189 Pat Cummins
76%
7 Rod Marsh
76%
165 Shaun Marsh
76%
1 Greg Chappell
73%
2 Ian Chappell
73%
149 Michael Clarke
73%
61 Trevor Chappell
73%
13 Dennis Lillee
70%
113 Glenn McGrath
70%
183 Josh Hazlewood
70%
37 Kim Hughes
70%
104 Merv Hughes
70%
124 Shane Lee
70%
223 Alex Carey
67%
139 Andrew Symonds
67%
196 Glenn Maxwell
67%
111 Matthew Hayden
67%
198 Phil Hughes
67%
148 Shane Watson
67%
178 Tim Paine
67%
197 Aaron Finch
64%
10 Alan Thomson
64%
49 Allan Border
64%
144 Brad Haddin
64%
126 Brad Hogg
64%
167 David Hussey
64%
127 Jason Gillespie
64%
28 Jeff Thomson
64%
192 Matthew Wade
64%
150 Michael Hussey
64%
53 Rodney Hogg
64%
213 Travis Head
64%
208 Ashton Agar
61%
230 Cameron Green
61%
128 Darren Lehmann
61%
80 David Boon
61%
117 Justin Langer
61%
209 Marcus Stoinis
61%
107 Mark Taylor
61%
96 Peter Taylor
61%
199 Usman Khawaja
61%
154 Brad Hodge
58%
109 Damien Martyn
58%
79 Dean Jones
58%
16 Graeme Watson
58%
102 Ian Healy
58%
121 Stuart Law
58%
141 Stuart MacGill
58%
231 Wes Agar
58%
212 Adam Zampa
55%
130 Andy Bichel
55%
232 Ben McDermott
55%
152 Cameron White
55%
82 Craig McDermott
55%
229 Marnus Labuschagne
55%
116 Michael Bevan
55%
125 Michael Kasprowicz
52%
172 Peter Siddle
52%
169 Ryan Harris
52%
195 George Bailey
48%
202 James Faulkner
48%
188 James Pattinson
48%
224 Jhye Richardson
48%
201 Kane Richardson
48%
142 Nathan Bracken
48%
162 Shaun Tait
48%
99 Tim May
48%
115 Damien Fleming
45%
78 Greg Matthews
45%
219 Peter Handscomb
45%
98 Tom Moody
45%
4 Bill Lawry
42%
11 Doug Walters
42%
114 Michael Slater
42%
147 Nathan Hauritz
42%
143 Simon Katich
42%
66 Terry Alderman
42%
186 Xavier Doherty
42%
145 Brad Williams
39%
112 Brendon Julian
39%
89 Bruce Reid
39%
63 Geoff Lawson
39%
47 Graham Yallop
39%
135 Ian Harvey
39%
134 Matthew Elliott
39%
76 Mike Whitney
39%
83 Simon O'Donnell
39%
69 Wayne B. Phillips
39%
132 Adam Dale
36%
163 Adam Voges
36%
44 Bob Simpson
36%
181 Clint McKay
36%
122 Greg Blewett
36%
20 Ian Davis
36%
71 Kepler Wessels
36%
108 Paul Reiffel
36%
210 Scott Boland
36%
93 Tim Zoehrer
36%
228 Ashton Turner
33%
161 Ben Hilfenhaus
33%
175 Doug Bollinger
33%
46 Graeme Wood
33%
68 Greg Ritchie
33%
8 Ian Redpath
33%
187 Jason Krejza
33%
176 Marcus North
33%
23 Max Walker
33%
155 Mick Lewis
33%
179 Moises Henriques
33%
136 Paul Wilson
33%
19 Ray Bright
33%
101 Tony Dodemaide
33%
30 Alan Turner
30%
138 Bradley Young
30%
70 Carl Rackemann
30%
217 Chris Lynn
30%
32 David Hookes
30%
119 Gavin Robertson
30%
94 Greg Dyer
30%
60 John Dyson
30%
34 Kerry O'Keefe
30%
133 Michael Di Venuto
30%
97 Mike Veletta
30%
12 Ross Edwards
30%
25 Wally Edwards
30%
52 Andrew Hilditch
27%
222 Andrew Tye
27%
6 Ashley Mallett
27%
84 Bob Holland
27%
48 Bruce Yardley
27%
226 D'Arcy Short
27%
177 Dirk Nannes
27%
207 Joe Burns
27%
166 Luke Ronchi
27%
204 Nathan Coulter-Nile
27%
158 Phil Jacques
27%
29 Rick McCosker
27%
27 Terry Jenner
27%
173 Ben Laughlin
24%
88 Dave Gilbert
24%
67 Dirk Wellham
24%
22 Gary Gilmour
24%
221 Hilton Cartwright
24%
184 John Hastings
24%
9 Keith Stackpole
24%
120 Phil Emery
24%
41 Rick Darling
24%
174 Shane Harwood
24%
42 Trevor Laughlin
24%
3 Alan Connolly
21%
131 Anthony Stuart
21%
200 Ben Cutting
21%
171 Callum Ferguson
21%
106 Greg Campbell
21%
206 Gurinder Sandhu
21%
227 Jason Behrendorff
21%
137 Jimmy Maher
21%
118 Jo Angel
21%
211 Joel Paris
21%
233 Josh Philippe
21%
58 Julien Wiener
21%
35 Len Pascoe
21%
81 Murray Bennett
21%
146 Ryan Campbell
21%
43 Steve Rixon
21%
218 Billy Stanlake
18%
168 Brett Geeves
18%
191 Dan Christian
18%
159 Dan Cullen
18%
21 Geoff Dymock
18%
54 Kevin Wright
18%
64 Martin Kent
18%
225 Michael Neser
18%
33 Nick Malone
18%
193 Peter Forrest
18%
38 Richie Robinson
18%
234 Riley Meredith
18%
62 Shaun Graf
18%
26 Alan Hurst
15%
14 Bob Massie
15%
157 Brett Dorey
15%
216 Chris Tremain
15%
59 Dav Whatmore
15%
203 Fawad Ahmed
15%
31 Gary Cosier
15%
180 Graham Manou
15%
215 Joe Mennie
15%
72 John Macguire
15%
74 Ken MacLeay
15%
160 Mark Cosgrove
15%
15 Paul Sheahan
15%
45 Peter Toohey
15%
50 Phil Carlson
15%
85 Rod McCurdy
15%
73 Tom Hogan
15%
100 Andrew Zesers
12%
164 Ashley Noffke
12%
57 Bruce Laird
12%
214 Daniel Worrall
12%
92 Glenn Trimble
12%
56 Graeme Porter
12%
5 Graham McKenzie
12%
95 Greg Bishop
12%
39 Ian Callen
12%
151 James Hopes
12%
103 Jamie Siddons
12%
55 Jeff Moss
12%
51 John Maclean
12%
77 Roger Woolley
12%
220 Sam Heazlett
12%
205 Sean Abbott
12%
36 Craig Serjeant
9%
86 Robbie Kerr
9%
24 Ashley Woodcock
6%
17 David Colley
6%
65 Graeme Beard
6%
18 Jeff Hammond
6%
87 Simon Daivs
6%
No matching quizzes found
Score Distribution
Percent of People with Each Score
Percentile by Number Answered
Your Score History
You have not taken this quiz